Dialektika politiky a ekonomiky politika ako integrujúci činiteľ

Saved in:
Bibliographic Details
Main Author: Pecho, Michal
Format: Book
Language:Slovak
Published: Bratislava Vysoká škola ekonomická 1986
Tags: Add Tag
No Tags, Be the first to tag this record!

MARC

LEADER 00000nam a2200000 4500
001 c105726
005 20190110074436.6
041 0 |a slo 
044 |a SK 
245 1 0 |a Dialektika politiky a ekonomiky  |b politika ako integrujúci činiteľ  |c Michal Pecho 
264 1 |a Bratislava  |b Vysoká škola ekonomická  |c 1986 
300 |a 215 s. 
100 1 |a Pecho, Michal